Tạp chí Khoa học 07/2007 = Scientific Journal of Can Tho University
Na minha lista:
| Formato: | Livro |
|---|---|
| Idioma: | Undetermined |
| Publicado em: |
Cần Thơ
Trường Đại học Cần Thơ
|
| Assuntos: | |
| Tags: |
Adicionar Tag
Sem tags, seja o primeiro a adicionar uma tag!
|
| Thư viện lưu trữ: | Trung tâm Học liệu Trường Đại học Cần Thơ |
|---|
| LEADER | 00551nam a2200169Ia 4500 | ||
|---|---|---|---|
| 001 | CTU_137734 | ||
| 008 | 210402s9999 xx 000 0 und d | ||
| 082 | |a 605 | ||
| 082 | |b Tr561 | ||
| 088 | |a 604601 | ||
| 245 | 0 | |a Tạp chí Khoa học 07/2007 = Scientific Journal of Can Tho University | |
| 245 | 0 | |c Trường Đại học Cần Thơ | |
| 260 | |a Cần Thơ | ||
| 260 | |b Trường Đại học Cần Thơ | ||
| 650 | |a Journalism, scientific | ||
| 904 | |i Hạ Nguyên | ||
| 980 | |a Trung tâm Học liệu Trường Đại học Cần Thơ | ||